Progressively harder Geography Tile Quiz - Statistics

General Stats
  • This quiz has been taken 467 times
  • The average score is 37 of 45
Answer Stats
Question Tile Select % Correct
Countries Auckland No
100%
Countries Ottawa No
100%
Countries Beijing No
99%
Countries China Yes
99%
Countries Germany Yes
99%
Countries Mali Yes
99%
Countries Moscow No
99%
Capital Cities Berlin Yes
98%
Seas and Oceans Red Yes
98%
Capital Cities Shanghai No
98%
Mountain Ranges Andes Yes
97%
Capital Cities Beijing Yes
97%
Countries Nauru Yes
97%
Seas and Oceans Nile No
97%
Mountain Ranges Rocky Mountains Yes
97%
Countries Solomon Islands Yes
97%
Capital Cities Toronto No
96%
Seas and Oceans Adriatic Yes
95%
Seas and Oceans Great Bear No
95%
Capital Cities Istanbul No
94%
Capital Cities Sydney No
94%
Seas and Oceans Victoria No
93%
Seas and Oceans South China Yes
92%
Capital Cities Wellington Yes
92%
European Capital Cities No
91%
Capital Cities Valetta Yes
91%
European Capital Cities Yes
89%
Seas and Oceans Balkhash No
89%
Capital Cities Abuja Yes
88%
Mountain Ranges Mercedario No
85%
Mountain Ranges Pico Bolivar No
83%
Mountain Ranges Denali No
82%
Mountain Ranges Lhotse No
81%
Mountain Ranges Manaslu No
81%
Seas and Oceans Bering Yes
72%
Mountain Ranges Ras Dashen No
70%
European Capital Cities No
69%
European Capital Cities Yes
67%
European Capital Cities Yes
52%
Mountain Ranges Karakoram Yes
47%
European Capital Cities No
43%
European Capital Cities No
41%
European Capital Cities No
32%
Seas and Oceans Caspian No
15%
European Capital Cities Yes
10%
No matching quizzes found
Score Distribution
Percent of People with Each Score
Percentile by Number Answered
Your Score History
You have not taken this quiz